01605nam a2200349Ia 4500001001200000003000800012006001900020007001500039008004100054015001900095020002600114040002100140035002100161050002600182082001600208111008800224245016800312260004600480300002300526490008400549504005100633533015200684650002700836650002400863655002900887700001900916700002400935710006800959710001701027830008501044856012601129ebr10196593CaPaEBRm u cr cn|||||||||070724s2007 ne a sb 101 0 eng d aGBA7593972bnb z9781586037505 (cased) aCaPaEBRcCaPaEBR a(OCoLC)50343965814aHV6431b.N3837 2007eb04a303.6252222 aNATO Advanced Research Workshop on Terrorist Operationsd(2006 :cWashington, D.C.)10aUnderstanding and responding to the terrorism phenomenonh[electronic resource] :ba multi-dimensional perspective /cedited by Ozgur Nikbay and Suleyman Hancerli. aAmsterdam ;aOxford :bIOS Press,cc2007. axv, 431 p. :bill.1 aNATO security through science series. E, Human and societal dynamics ;vvol. 21 aIncludes bibliographical references and index. aElectronic reproduction.bPalo Alto, Calif. :cebrary,d2009.nAvailable via World Wide Web.nAccess may be limited to ebrary affiliated libraries. 0aTerrorismvCongresses. 0aPolitical violence. 7aElectronic books.2local1 aNikbay, Ozgur.1 aHancerli, Suleyman.2 aNorth Atlantic Treaty Organization.bPublic Diplomacy Division.2 aebrary, Inc. 0aNATO security through science series.nE,pHuman and societal dynamics ;vv. 21.40uhttp://site.ebrary.com/lib/rucke/Doc?id=10196593zAn electronic book accessible through the World Wide Web; click to view